000 00445nam a2200181Ia 4500
001 9754
005 20260306161741.0
008 260306t2005||||xx |||||||||||||| ||spa||
041 _aESP
082 _a411
_bA32
100 _aAguirre, Mauricio [ed.]
_eAUT
245 0 _aRedacción académica:
_bfundamentos y estrategias
260 _c2005
300 _a287 páginas :
_c29 cm.
650 _aGEN
654 _aCHU
942 _cLIB
_dJUS
_fJUS
_2ddc
_n
999 _c9754
_d9754